LEADER 01257nam a2200277 u 4500 001 000000016008 003 CaOOAMICUS 005 20070226105938.0 008 941215s1974 fr bf u000 u fre u 035 $a10375357 040 $aPUL(R)$bita 100 1 $aLarès, Micheline Maurice.$0(OLS)http://pul/name/14614 245 10$aBible et civilisation anglaise :$bnaissance d'une tradition (Ancien Testament) /$cpar Michelin Lares .. 260 $aParis :$bDidier,$cstampa 1974. 300 $a345 p., [1] c. di tav. pieg. :$bill., c. geogr. ;$c25 cm 490 1 $aPublications de la Sorbonne.$aSérie Littérature ;$v6 490 1 $aEtudes anglaises ;$v54 504 $aBibliografia: p. [315]-338. 830 0$aPublications de la Sorbonne.$pSérie Littérature ;$v6.$0(OLS)http://pul/title/22880 830 0$aEtudes anglaises ;$v54.$0(OLS)http://pul/title/22881 850 $aPUL 852 $aPUL$W1$xSL Filosofia 1$y2$m129 H 25$j22538$nBK-PRI$b $qStampati$B22538$CPULBib$Z2$F22538 $H $81 941 1 $a8 961 $aINV: 41888 996 $6245$aBible et civilisation anglaise :$bnaissance d'une tradition (Ancien Testament)$9(OLS)http://pul/title/22879 996 $6260$aParis :$bDidier$9(OLS)http://pul/publisher/52521 LEADER 01945nam a2200385 a 4500 001 000000131398 003 CaOOAMICUS 005 20121213133739.0 008 121119m20129999it u000 u ita r 020 $a978-88-311-8224-9 (v. 1) 020 $a978-88-311-8225-6 (v.2) 020 $a978-88-311-8226-3 (v. 3) 040 $aPUL$bita 041 1 $aita$hgrc 100 0 $aEusebius Caesariensis,$cvesc.,$dc. 260/265-339/340.$0(OLS)http://pul/name/4567 240 10$aPraeparatio evangelica.$lItaliano.$0(OLS)http://pul/title/165985 245 10$aPreparazione evangelica /$cEusebio di Cesarea; introduzione, traduzione e note a cura di Franzo Migliore. 260 $aRoma :$bCittà Nuova,$c©2012- 300 $av. ;$c21 cm 490 1 $aCollana di testi patristici ;$v224-226 504 $aBibliografia in nota. 700 1 $aMigliore, Franzo.$0(OLS)http://pul/name/54189 830 0$aCollana di testi patristici ;$v224-226.$0(OLS)http://pul/title/17027 850 $aPUL 852 $aPUL$W1$xSL Cons. Gen., Altre Classi 1$y1$m2000 E 224$j151685$av. 1$qStampati$B150594$CPULBib$Z2$F150594 $H121165 $82 852 $aPUL$W1$xSL Cons. Gen., Altre Classi 1$y1$m2000 E 225$j152139$av. 2$qStampati$B151463$CPULBib$Z2$F151463 $H121313 $82 852 $aPUL$W1$xSL Cons. Gen., Altre Classi 1$y1$m2000 E 226$j152140$av. 3$qStampati$B151464$CPULBib$Z2$F151464 $H121314 $82 900 $aEusebio di Cesarea,$cvesc. di Cesarea,$dc. 265-c. 340$94567 941 1 $a8 996 $6020$a978-88-311-8225-6 (v.2)$9(OLS)http://pul/number/151377 996 $6020$a978-88-311-8226-3 (v. 3)$9(OLS)http://pul/number/151378 996 $6020$a978-88-311-8224-9 (v. 1)$9(OLS)http://pul/number/151076 996 $6245$aPreparazione evangelica$9(OLS)http://pul/title/165984 996 $6260$aRoma :$bCittà Nuova$9(OLS)http://pul/publisher/47927